00579 2200217 4500001002100000005001500021035002000036245006700056100001700123250000600140300003100146700001100177260004600188082001000234084001600244020002200260650002800282990001700310990001700327990001700344INLIS00000000000007820180816025754 a0010-08180000421 aEnsiklomini Matematika ( R-Z ) /cHadi Lesmana; Editor, Siti R0 aHadi Lesmana a- a48 hlm. :bilus. ;c25 cm.0 aSiti R aBandung :bPT INDAHJAYA Adipratama,c2009 a510.3 a510.3 HAD e a978-979-24-1637-4 aEnsiklopedia Matematika a00310/P/2018 a00311/P/2018 a00312/P/2018